| 000 | 01445nam a2200397 i 4500 | ||
|---|---|---|---|
| 001 | 46778 | ||
| 003 | KOSZ 005 | ||
| 005 | 20200316103836.0 | ||
| 008 | 081104s2005 pl a f |000 0 pol | ||
| 015 | _aPB 2009/2834 | ||
| 020 | _a8372446172 | ||
| 040 |
_aWA N _cWA N _dKOSZ 005/HR |
||
| 046 | _k2005 | ||
| 080 | _a633.5 | ||
| 080 | _a574.3 | ||
| 080 | _a620.92 | ||
| 100 | 1 |
_aDubas, Jan Wiesław _eAutor |
|
| 245 | 1 | 0 |
_aZakładanie, pielęgnacja i ochrona plantacji wierzb energetycznych / _cJan Wiesław Dubas, Anna Tomczyk ; WENA - Kochańska Dubas Jolanta, Polskie Towarzystwo Biomasy Polbiom, Katedra Entomologii Stosowanej Szkoły Głównej Gospodarstwa Wiejskiego w Warszawie. |
| 260 |
_aWarszawa : _bWydawnictwo SGGW, _c2005. |
||
| 300 |
_a105 s., [4] s. tabl. : _bil. (w tym kolor.) ; _c24 cm. |
||
| 336 |
_2rdacontent _aTekst _btxt |
||
| 337 |
_2rdamedia _aBez urządzenia pośredniczącego _bn |
||
| 338 |
_2rdacarrier _aWolumin _bnc |
||
| 380 | _aKsiążki | ||
| 388 | _a2001- | ||
| 504 | _aBibliogr. s. 99-101. | ||
| 650 | 7 | _aBiomasa | |
| 650 | 7 | _aWierzba | |
| 650 | 7 | _aUprawa | |
| 650 | 7 | _aEnergetyka | |
| 658 | _aRolnictwo i leśnictwo | ||
| 700 | 1 |
_aTomczyk, Anna _c(nauki rolniczne) _eAutor |
|
| 710 | 2 | _aWydawnictwo SGGW | |
| 856 |
_uhttp://koha.tu.koszalin.pl/cgi-bin/koha/opac-detail.pl?biblionumber=46778 _yKatalog online BPK |
||
| 942 |
_2UKD _cKS |
||
| 999 |
_c46778 _d46778 |
||